Finnish cities by their Swedish names - Statistics

General Stats
  • This quiz has been taken 214 times
  • The average score is 13 of 16
Answer Stats
Swedish name Finnish name % Correct
Helsingfors Helsinki
97%
Åbo Turku
96%
Esbo Espoo
94%
Tammerfors Tampere
94%
Vasa Vaasa
92%
Lahtis Lahti
91%
Vanda Vantaa
88%
Torneå Tornio
81%
Uleåborg Oulu
79%
Hyvinge Hyvinkää
76%
Mariehamn Maarianhamina
74%
Borgå Porvoo
74%
Björneborg Pori
73%
Tavastehus Hämeenlinna
62%
Karleby Kokkola
60%
Fredrikshamn Hamina
46%
No matching quizzes found
Score Distribution
Percent of People with Each Score
Percentile by Number Answered
Your Score History
You have not taken this quiz